[Event "Benidorm 2011 - 10. Torneo sub-2000"]
[Site "Benidorm ESP"]
[Date "2011.12.10"]
[Round "10.12"]
[White "Allabatre, Steeve"]
[Black "Frey, Armin"]
[Result "0-1"]
[WhiteElo "1907"]
[BlackElo "1978"]
[PlyCount "52"]
[EventDate "2011.12.02"]
[EventType "swiss"]
[EventRounds "10"]
[EventCountry "ESP"]
[Source "lmi"]
[SourceDate "2011.12.02"]

1. d4 e6 2. Nf3 f5 3. Nc3 Bb4 4. Bg5 Nf6 5. Bxf6 Qxf6 6. e3 O-O 7. a3 Bxc3+ 8.
bxc3 b6 9. g3 Bb7 10. Bg2 d6 11. O-O Nd7 12. a4 a5 13. c4 Rad8 14. c3 e5 15.
Nxe5 dxe5 16. Bxb7 c6 17. d5 e4 18. Qd4 Ne5 19. Qxb6 Rd6 20. Qxa5 Qh6 21. Kg2
Qh5 22. Qc7 Rh6 23. h4 Qf3+ 24. Kg1 Rxh4 25. gxh4 Qg4+ 26. Kh1 Qh3+ 0-1

[Event "Benidorm 2011 - 10. Torneo sub-2000"]
[Site "Benidorm ESP"]
[Date "2011.12.10"]
[Round "10.13"]
[White "Tirado Parra, Alberto"]
[Black "Haddad Filho, Paulo Ibrahim"]
[Result "0-1"]
[WhiteElo "1869"]
[BlackElo "1972"]
[PlyCount "62"]
[EventDate "2011.12.02"]
[EventType "swiss"]
[EventRounds "10"]
[EventCountry "ESP"]
[Source "lmi"]
[SourceDate "2011.12.02"]

1. b4 d5 2. Bb2 Bg4 3. h3 Bh5 4. c4 e6 5. Qb3 Nf6 6. e3 c6 7. Be2 Bxe2 8. Nxe2
Bd6 9. O-O Nbd7 10. Nbc3 dxc4 11. Qxc4 Ne5 12. Qb3 Nd3 13. Ba3 Qe7 14. Nc1 Nxb4
15. Bxb4 Bxb4 16. Rb1 Bxc3 17. Qxc3 O-O 18. d4 Rfc8 19. Nd3 Ne4 20. Qb2 b6 21.
Rfc1 Qd6 22. Rc2 Rc7 23. Rbc1 Rac8 24. a4 c5 25. f3 Ng3 26. Qa3 Nf5 27. dxc5
bxc5 28. Rxc5 Rxc5 29. Rxc5 Rxc5 30. Nxc5 Qd2 31. Qd3 Qc1+ 0-1

[Event "Benidorm 2011 - 10. Torneo sub-2000"]
[Site "Benidorm ESP"]
[Date "2011.12.10"]
[Round "10.14"]
[White "Pastor Briones, Jose"]
[Black "Tonus, Alex"]
[Result "0-1"]
[WhiteElo "1845"]
[BlackElo "1965"]
[PlyCount "35"]
[EventDate "2011.12.02"]
[EventType "swiss"]
[EventRounds "10"]
[EventCountry "ESP"]
[Source "lmi"]
[SourceDate "2011.12.02"]

1. e4 Nf6 2. e5 Nd5 3. d4 d6 4. c4 Nb6 5. f4 g6 6. Nf3 Bg7 7. Bd3 dxe5 8. fxe5
O-O 9. Be3 c5 10. d5 Bg4 11. Bf4 N6d7 12. Qe2 Qc7 13. d6 exd6 14. exd6 Qa5+ 15.
Bd2 Qb6 16. Bc3 Bxc3+ 17. bxc3 Nc6 18. O-O 0-1

[Event "Benidorm 2011 - 10. Torneo sub-2000"]
[Site "Benidorm ESP"]
[Date "2011.12.10"]
[Round "10.15"]
[White "Salido Polo, Veronica"]
[Black "Chaikhiev Chaikhieva, Miguel A"]
[Result "1/2-1/2"]
[WhiteElo "1964"]
[BlackElo "1663"]
[PlyCount "64"]
[EventDate "2011.12.02"]
[EventType "swiss"]
[EventRounds "10"]
[EventCountry "ESP"]
[Source "lmi"]
[SourceDate "2011.12.02"]

1. e4 e5 2. Nc3 Bc5 3. f4 d6 4. Nf3 Nc6 5. Na4 Bb6 6. Nxb6 axb6 7. Bb5 exf4 8.
d4 Bd7 9. Bxf4 Nge7 10. O-O O-O 11. Ng5 h6 12. Nf3 Ng6 13. Be3 Bg4 14. Qd2 d5
15. e5 Nge7 16. Bd3 Bf5 17. Be2 Be4 18. c4 Nf5 19. b3 Qd7 20. cxd5 Nb4 21. Rfc1
Bxd5 22. Bf2 c6 23. Rd1 Rfd8 24. Be3 Re8 25. Bd3 Bxf3 26. gxf3 Nxd4 27. Be4
Nxf3+ 28. Bxf3 Qf5 29. Rf1 Rad8 30. Qf2 Qxe5 31. Rae1 Qb8 32. Bh5 Re7 1/2-1/2

[Event "Benidorm 2011 - 10. Torneo sub-2000"]
[Site "Benidorm ESP"]
[Date "2011.12.10"]
[Round "10.17"]
[White "Babakhanyan, Varuzhan"]
[Black "Romero Haro, Florentino"]
[Result "1-0"]
[WhiteElo "1953"]
[BlackElo "1893"]
[PlyCount "69"]
[EventDate "2011.12.02"]
[EventType "swiss"]
[EventRounds "10"]
[EventCountry "ESP"]
[Source "lmi"]
[SourceDate "2011.12.02"]

1. Nf3 Nc6 2. g3 e5 3. d3 d6 4. Bg2 h6 5. O-O Bg4 6. h3 Bxf3 7. exf3 g5 8. Re1
Qd7 9. c3 O-O-O 10. a4 f5 11. b4 f4 12. Bb2 Bg7 13. Nd2 Nf6 14. Nb3 Nh5 15. b5
Ne7 16. Kh2 Kb8 17. c4 Ng6 18. Qe2 Qf7 19. Rec1 Rde8 20. Na5 Rd8 21. Rc2 Rhe8
22. Rac1 Bf8 23. Qe4 d5 24. cxd5 Bd6 25. Qc4 fxg3+ 26. fxg3 Nxg3 27. Kxg3 e4+
28. Kf2 exf3 29. Bf1 Nf4 30. Nc6+ bxc6 31. bxc6 Ka8 32. Qa6 Rb8 33. Bd4 Nxh3+
34. Bxh3 Bg3+ 35. Kf1 1-0

[Event "Benidorm 2011 - 10. Torneo sub-2000"]
[Site "Benidorm ESP"]
[Date "2011.12.10"]
[Round "10.41"]
[White "Navarro Martinez, Daniel"]
[Black "Castrillon Otero, Javier"]
[Result "0-1"]
[WhiteElo "1910"]
[BlackElo "1848"]
[PlyCount "42"]
[EventDate "2011.12.02"]
[EventType "swiss"]
[EventRounds "10"]
[EventCountry "ESP"]
[Source "lmi"]
[SourceDate "2011.12.02"]

1. e4 e5 2. d4 exd4 3. Qxd4 Nc6 4. Qe3 Nf6 5. Nc3 Bb4 6. Bd2 O-O 7. O-O-O Re8
8. Bc4 d6 9. f3 Be6 10. Bxe6 Rxe6 11. Qf2 Ne5 12. h4 c6 13. h5 Nc4 14. Be1 Qa5
15. Qd4 Bxc3 16. Bxc3 Qxa2 17. b3 Na3 18. Bb2 Qb1+ 19. Kd2 Qxc2+ 20. Ke1 Qxg2
21. Rh3 Nc2# 0-1

[Event "Benidorm 2011 - 10. Torneo sub-2000"]
[Site "Benidorm ESP"]
[Date "2011.12.10"]
[Round "10.56"]
[White "Molina Cabaleiro, Juan Jose"]
[Black "Garcia Serrano, Jose Manuel"]
[Result "0-1"]
[WhiteElo "1806"]
[BlackElo "1883"]
[PlyCount "48"]
[EventDate "2011.12.02"]
[EventType "swiss"]
[EventRounds "10"]
[EventCountry "ESP"]
[Source "lmi"]
[SourceDate "2011.12.02"]

1. e4 e5 2. Nf3 Nc6 3. Bc4 Nf6 4. Ng5 d5 5. exd5 Nd4 6. c3 b5 7. cxd4 bxc4 8.
Qa4+ Bd7 9. Qxc4 Bd6 10. dxe5 Bxe5 11. d6 O-O 12. Qxc7 Qe8 13. O-O Bb5 14. d3
Bxh2+ 15. Kxh2 Qe2 16. Nc3 Qxf1 17. Nxb5 Rac8 18. Nxa7 Rxc7 19. dxc7 Ng4+ 20.
Kg3 Qxf2+ 21. Kxg4 Qxg2+ 22. Kf5 Qf2+ 23. Bf4 Qxa7 24. b4 h5 0-1

[Event "Benidorm 2011 - 10. Torneo sub-2000"]
[Site "Benidorm ESP"]
[Date "2011.12.10"]
[Round "10.59"]
[White "Rodriguez Gonzalez, Miguel Ange"]
[Black "Gomez Lopez, Pedro"]
[Result "0-1"]
[WhiteElo "1793"]
[BlackElo "1874"]
[PlyCount "48"]
[EventDate "2011.12.02"]
[EventType "swiss"]
[EventRounds "10"]
[EventCountry "ESP"]
[Source "lmi"]
[SourceDate "2011.12.02"]

1. d4 Nf6 2. c4 e5 3. e3 Nc6 4. d5 Bb4+ 5. Bd2 Bxd2+ 6. Nxd2 Ne7 7. Ngf3 d6 8.
Bd3 O-O 9. Qc2 b5 10. e4 b4 11. O-O Ng6 12. Qb3 Nf4 13. Bc2 a5 14. Ne1 Ng4 15.
g3 a4 16. Qxb4 Nh3+ 17. Kg2 Qg5 18. Nef3 Qh6 19. c5 Ba6 20. Nc4 Ng5 21. Nh4
Rfb8 22. Qc3 Bxc4 23. Qxc4 Rxb2 24. Bxa4 Ne3+ 0-1

[Event "Benidorm 2011 - 10. Torneo sub-2000"]
[Site "Benidorm ESP"]
[Date "2011.12.10"]
[Round "10.61"]
[White "Ull Molina, Cristian"]
[Black "Catalan Gasque, Noelia"]
[Result "0-1"]
[WhiteElo "1863"]
[BlackElo "1681"]
[PlyCount "38"]
[EventDate "2011.12.02"]
[EventType "swiss"]
[EventRounds "10"]
[EventCountry "ESP"]
[Source "lmi"]
[SourceDate "2011.12.02"]

1. e4 c6 2. d4 d5 3. Nc3 dxe4 4. Nxe4 Bf5 5. Ng3 Bg6 6. Bc4 e6 7. N1e2 Nd7 8.
f4 h5 9. Bd3 Bxd3 10. Qxd3 Qf6 11. O-O h4 12. Ne4 Qf5 13. Nf2 Qxd3 14. Nxd3
Ngf6 15. f5 exf5 16. Rxf5 O-O-O 17. Ne5 Nxe5 18. dxe5 Rd1+ 19. Rf1 Bc5+ 0-1

[Event "Benidorm 2011 - 10. Torneo sub-2000"]
[Site "Benidorm ESP"]
[Date "2011.12.10"]
[Round "10.63"]
[White "Borja Rosagro, Jaime"]
[Black "Garcia Cervigon, Cecilio"]
[Result "0-1"]
[WhiteElo "1748"]
[BlackElo "1844"]
[PlyCount "34"]
[EventDate "2011.12.02"]
[EventType "swiss"]
[EventRounds "10"]
[EventCountry "ESP"]
[Source "lmi"]
[SourceDate "2011.12.02"]

1. d4 Nf6 2. c4 e6 3. Nf3 d5 4. Nc3 c6 5. e3 Nbd7 6. Bd3 Qc7 7. O-O Be7 8. cxd5
exd5 9. Bd2 O-O 10. Rb1 Re8 11. b4 Bd6 12. Qc2 Nf8 13. h3 Qe7 14. b5 Ne4 15.
bxc6 bxc6 16. Qa4 Qf6 17. Ba6 Bxh3 0-1

[Event "Benidorm 2011 - 10. Torneo sub-2000"]
[Site "Benidorm ESP"]
[Date "2011.12.10"]
[Round "10.64"]
[White "Blesa Fernandez, Francisco"]
[Black "Cruz Guerra, Samuel"]
[Result "1/2-1/2"]
[WhiteElo "1729"]
[BlackElo "1843"]
[PlyCount "30"]
[EventDate "2011.12.02"]
[EventType "swiss"]
[EventRounds "10"]
[EventCountry "ESP"]
[Source "lmi"]
[SourceDate "2011.12.02"]

1. d4 Nf6 2. c4 e5 3. dxe5 Ng4 4. Bf4 g5 5. Bg3 Nc6 6. Nf3 Bg7 7. Nc3 Ngxe5 8.
Nxe5 Nxe5 9. e3 d6 10. Be2 Be6 11. Rc1 Qd7 12. Qa4 Qxa4 13. Nxa4 O-O 14. b3 f5
15. h3 Rae8 1/2-1/2